000 01350naa a22003137a 4500
001 BR7702525
003 BR-BrBNA
005 20240918173942.0
007 ta
008 230509b bl.||||| |||| 00| 0 por d
040 _aBR-BrBNA
_bpor
_cBiblioteca Nacional de Agricultura
041 _a(Pt)
072 _aH00
_b3870
090 _aH00 BR7702525
100 1 _aLindenberg, R.B.
245 1 _aUso adequado de defensivos agricolas [controle quimico, pulverizacao, toxidez, intoxicacao, profilaxia]
260 3 _aCuritiba, PR (Brasil):
_c1979.
500 _aSouza, A.C.; Almeida, W.F. de; Lindenberg, R.B.; Camargo, P.A.M. Defensivos agricolas, contribuicao ao uso adequado e prevencao nas intoxicacoes Curitiba, PR (Brasil): 1979. p. 31-54 (BR7702525-AM)H00
650 _aDEFESA VEGETAL
650 _aDEFENSIVO
650 _aCONTROLE QUIMICO
650 _aPULVERIZACAO
650 _aTOXIDEZ
650 _aINTOXICACAO
650 _aPROFILAXIA
773 0 _tDefensivos agricolas, contribuicao ao uso adequado e prevencao nas intoxicacoes
_aSouza, A.C.; Almeida, W.F. de; Lindenberg, R.B.; Camargo, P.A.M.. Secretaria de Estado da Agricultura, Curitiba, PR (Brasil). Depto. de Fiscalizacao. Defesa Sanitaria Vegetal
_wH00 BR7702525
_gCuritiba, PR (Brasil), 1979. p. 31-54
909 _a202404
_bLucia
_c55
_dLucia Elande
942 _cAM
_2AGRIS
999 _c307921
_d307921